00807nam a2200229 i 4500001000300000100002900003245004400032250005900076260002100135700002300156700003100179040000800210041000800218080001400226942000700240008004100247999001500288856009700303952005100400952006300451952006300514bg1 aDĄBROWSKI, Jan Ryszard 0aCiecze obróbkowe do skrawania metali. aJ.R. Dąbrowski, A. Firkowski, M. Gierzyńska-Dolna. aWarszawa,c1988.1 aFIRKOWSKI, Andrzej1 aGIERZYŃSKA-DOLNA, Monika cBPK apol a621.9(07) cKS s pl f |000 0 pol  c3598d3598 uhttp://koha.tu.koszalin.pl/cgi-bin/koha/opac-detail.pl?biblionumber=3598yKatalog online BPK 00104070aBPKbBPKcwoP 37909p01241495yKS 00104070aBPKbBPKcwoP 37910p01354867s2015-02-09yKS 00104070aBPKbBPKcwoP 37911p01390209s2019-11-23yKS